000
00279nam a22001097a 4500
041
_a
ENG
245
_a
The Bacteriological Examination Of Water Supplies
260
_a
Londan
_b
Her Majesty ' S stationery Office
_c
1969
300
_a
50
650
_a
APE ( 02 )
856
_u
APE ( 02 )
999
_c
2830
_d
2830